Catálogo

¿Existe el método científico? : (Registro nro. 46434)

Detalles MARC
000 -LEADER
fixed length control field 00976cam a2200277 i 4500
001 - CONTROL NUMBER
control field 46434
003 - CONTROL NUMBER IDENTIFIER
control field Mx-PuUPA
005 - DATE AND TIME OF LATEST TRANSACTION
control field 20260427155506.0
008 - FIXED-LENGTH DATA ELEMENTS--GENERAL INFORMATION
fixed length control field 140415s1998 mx a gr 000 0 spa d
020 ## - INTERNATIONAL STANDARD BOOK NUMBER
International Standard Book Number 968165658X
040 ## - CATALOGING SOURCE
Original cataloging agency Mx-PuUPA
Language of cataloging spa
Transcribing agency Mx-PuUPA
Modifying agency Mx-PuUPA
Description conventions rda
041 0# - LANGUAGE CODE
Language code of text/sound track or separate title spa
100 1# - MAIN ENTRY--PERSONAL NAME
Personal name Pérez-Tamayo, Ruy,
Dates associated with a name 1924-
Relator term autor
9 (RLIN) 5082
245 10 - TITLE STATEMENT
Title ¿Existe el método científico? :
Remainder of title historia y realidad /
Statement of responsibility, etc. Ruy Pérez Tamayo
250 ## - EDITION STATEMENT
Edition statement Primera edición /
Remainder of edition statement la ciencia para todos
264 #1 - PRODUCTION, PUBLICATION, DISTRIBUTION, MANUFACTURE, AND COPYRIGHT NOTICE
Place of production, publication, distribution, manufacture México, D.F. :
Name of producer, publisher, distributor, manufacturer El Colegio Nacional y Fondo de Cultura Económica,
Date of production, publication, distribution, manufacture, or copyright notice 1998
300 ## - PHYSICAL DESCRIPTION
Extent 297 páginas :
Other physical details ilustraciones ;
Dimensions 21 cm
336 ## - CONTENT TYPE
Fuente rdacontent
Content type term texto
Content type code txt
337 ## - MEDIA TYPE
Source rdamedia
Media type term sin medio
Media type code n
338 ## - CARRIER TYPE
Source rdacarrier
Carrier type term volumen
Carrier type code nc
490 0# - SERIES STATEMENT
Series statement La ciencia para todos ;
Volume/sequential designation 161
650 #7 - SUBJECT ADDED ENTRY--TOPICAL TERM
Topical term or geographic name entry element Ciencia
General subdivision Metodologia
-- Filosofía de la ciencia
Source of heading or term armarc
942 ## - ADDED ENTRY ELEMENTS (KOHA)
Source of classification or shelving scheme Dewey Decimal Classification
Classification part 501
Koha item type Libro
Item part P426
Existencias
Withdrawn status Lost status Source of classification or shelving scheme Damaged status Not for loan Collection code Home library Current library Shelving location Date acquired Source of acquisition Total Checkouts Full call number Barcode Date last seen Price effective from Koha item type Copy number
    Dewey Decimal Classification     General Biblioteca Karol Wojtyla Biblioteca Karol Wojtyla Sala general 03/12/2013 Compra   501 P426 1998 69666 05/01/2026 26/08/2014 Libro  
    Dewey Decimal Classification     General Biblioteca Karol Wojtyla Biblioteca Karol Wojtyla Sala general 03/12/2013 Compra   501 P426 1998 71214 05/01/2026 26/08/2014 Libro Ej.2
    Dewey Decimal Classification     General Tehuacán Tehuacán Sala general 27/01/2022     501 P426 1998 968000000643 08/01/2025 27/01/2022 Libro